T. S. Eliot his mind and art (Record no. 4457)

MARC details
000 -LEADER
fixed length control field 00455cam a2200181ua 4500
001 - CONTROL NUMBER
control field 5279
005 - DATE AND TIME OF LATEST TRANSACTION
control field 20260515113846.0
008 - FIXED-LENGTH DATA ELEMENTS--GENERAL INFORMATION
fixed length control field 120808n ii |||gr||||Z||||||eng
040 ## - CATALOGING SOURCE
Transcribing agency MAIN
082 ## - DEWEY DECIMAL CLASSIFICATION NUMBER
Classification number 821
100 ## - MAIN ENTRY--PERSONAL NAME
Personal name George, A. G.,
Dates associated with a name 1928,
Relator term Author,
245 11 - TITLE STATEMENT
Title T. S. Eliot his mind and art
Statement of responsibility, etc. by A. G. George
250 ## - EDITION STATEMENT
Edition statement 2nd.
260 ## - PUBLICATION, DISTRIBUTION, ETC.
Place of publication, distribution, etc. Bombay:
Name of publisher, distributor, etc. Asia publishing house,
Date of publication, distribution, etc. 1969.
300 ## - PHYSICAL DESCRIPTION
Extent 310p:
Dimensions 23cm.
653 ## - INDEX TERM--UNCONTROLLED
Uncontrolled term English poetry
942 ## - ADDED ENTRY ELEMENTS (KOHA)
Koha item type Books
Holdings
Withdrawn status Lost status Damaged status Not for loan Home library Current library Shelving location Date acquired Total checkouts Full call number Barcode Date last seen Copy number Price effective from Koha item type
        Naharkatiya College Library Naharkatiya College Library General stacks 09/19/2020   821 | GEO 6215 09/19/2020 1 09/19/2020 Books